MARC details
| 000 -CABECERA |
| campo de control de longitud fija |
02650nab a2200337 a 4500 |
| 005 - FECHA Y HORA DE LA ÚLTIMA TRANSACCIÓN |
| campo de control |
20250311063805.0 |
| 008 - ELEMENTOS DE LONGITUD FIJA--INFORMACIÓN GENERAL |
| campo de control de longitud fija |
991125c2017 sp tr p o 000 0 spa d |
| 035 ## - NÚMERO DE CONTROL DEL SISTEMA |
| Número de control de sistema |
UPN01000218127 |
| 040 ## - FUENTE DE LA CATALOGACIÓN |
| Centro catalogador/agencia de origen |
UPN |
| Lengua de catalogación |
spa |
| Centro/agencia transcriptor |
UPN |
| Normas de descripción |
aacr2 |
| 049 ## - COLECCIÓN |
| Colección |
ART-E |
| 100 1# - ASIENTO PRINCIPAL--NOMBRE PERSONAL |
| Nombre de persona |
Estevez, Ana |
| Enlace |
- aestevez@deusto.es |
| 100 1# - ASIENTO PRINCIPAL--NOMBRE PERSONAL |
| Nombre de persona |
Urbiola, Irache |
| 100 1# - ASIENTO PRINCIPAL--NOMBRE PERSONAL |
| Nombre de persona |
Iruarrizaga, Itziar |
| 100 1# - ASIENTO PRINCIPAL--NOMBRE PERSONAL |
| Nombre de persona |
Onaindia, Jaione |
| 100 1# - ASIENTO PRINCIPAL--NOMBRE PERSONAL |
| Nombre de persona |
Jauregui, Paula |
| 245 10 - MENCIÓN DE TÍTULO |
| Título |
Dependencia emocional en el noviazgo y consecuencias psicológicas del abuso de internet y móvil en jóvenes |
| Medio |
[recurso electrónico en línea] |
| 506 0# - NOTA DE RESTRICCIONES AL ACCESO |
| Limitaciones de acceso |
Acceso abierto |
| 520 3# - NOTA DE RESUMEN, ETC. |
| Sumario, etc. |
La creciente presencia de las nuevas tecnologías en nuestras vidas hace necesaria el estudio de sus posibles consecuencias y del desarrollo de conductas adictivas. En este sentido, la adolescencia es una edad especialmente vulnerable a la aparición de conductas de riesgo como las adicciones por tratarse de una etapa marcada por un exceso de dependencia. Por ello, con una muestra de 535 jóvenes universitarios, el presente estudio pretende analizar la dependencia emocional en el noviazgo y las consecuencias psicológicas en relación al uso de Internet y móvil (a nivel de sintomatología ansioso-depresiva y autoestima), considerando también las diferencias de género, así como el papel que juega la dependencia emocional en este uso y el papel predictor del uso sobre las mencionadas consecuencias. Los resultados muestran que habría diferencias de género en el abuso de móvil, depresión y autoestima. Además, la dependencia emocional correlacionaría con el abuso de Internet y móvil, y ambos constructos correlacionarían con ansiedad, depresión y autoestima. Finalmente. La dependencia emocional sería predictora del abuso de Internet y móvil, así como de la sintomatología ansiosa y depresiva, y de la autoestima, que también serían predictores del abuso de móvil e Internet. Este estudio proporciona nuevas claves a la hora de comprender la dependencia emocional y el abuso de Internet y móvil, y de la relación que mantienen entre sí y con otros constructos. |
| 650 #4 - ASIENTO SECUNDARIO DE MATERIA - TERMINO TEMATICO |
| Término de materia o nombre geográfico como elemento de entrada |
Internet |
| 9 (RLIN) |
547 |
| 650 #7 - ASIENTO SECUNDARIO DE MATERIA - TERMINO TEMATICO |
| 9 (RLIN) |
4750 |
| Término de materia o nombre geográfico como elemento de entrada |
Ansiedad |
| 650 #2 - ASIENTO SECUNDARIO DE MATERIA - TERMINO TEMATICO |
| 9 (RLIN) |
13262 |
| Término de materia o nombre geográfico como elemento de entrada |
Depresiones |
| 650 #4 - ASIENTO SECUNDARIO DE MATERIA - TERMINO TEMATICO |
| 9 (RLIN) |
2906 |
| Término de materia o nombre geográfico como elemento de entrada |
Autoestima |
| 653 0# - TERMINO DE INDIZACION - NO CONTROLADO |
| Término no controlado |
Dependencia emocional |
| 653 0# - TERMINO DE INDIZACION - NO CONTROLADO |
| Término no controlado |
Telefonía móvil |
| 773 ## - ENLACE AL DOCUMENTO FUENTE/ENTRADA DE REGISTRO ANFITRIÓN |
| Parte(s) relacionada(s) |
Vol. 33, no. 2 (2017), p. 260-268 |
| Título |
Anales de psicología = Annals of psychology |
| Número Internacional Normalizado para Publicaciones Seriadas |
1695-2294 |
| 856 4# - LOCALIZACIÓN Y ACCESO ELECTRÓNICOS |
| Identificador Uniforme del Recurso |
<a href="https://revistas.um.es/analesps/article/view/analesps.33.2.255111">https://revistas.um.es/analesps/article/view/analesps.33.2.255111</a> |
| 856 4# - LOCALIZACIÓN Y ACCESO ELECTRÓNICOS |
| Identificador Uniforme del Recurso |
<a href="https://doi.org/10.6018/analesps.33.2.255111">https://doi.org/10.6018/analesps.33.2.255111</a> |
| 902 ## - ELEMENTOS DE DATOS B LOCAL, LDB (RLIN) |
| Creó |
Gloria Jiménez/0924 |
| 905 ## - TIPO DE MATERIAL |
| Tipo de material |
Articulo |
| 942 ## - ELEMENTOS DE PUNTO DE ACCESO ADICIONAL (KOHA) |
| Tipo de ítem Koha |
Artículo Electrónico |